000
00297nam a22001337a 4500
008
180806b xxu||||| |||| 00| 0 eng d
082
_a
813.52
245
_a
The language of medicine
_c
ELSEVIER
260
_c
2006
300
_a
1
_f
CD
440
_x
9996025594
760
_b
7 th
942
_2
ddc
_c
MX
999
_c
46802
_d
46802